000 00631nam a2200205Ia 4500
003 OSt
005 20230331152634.0
008 210423s2008 xx 000 0 und d
020 _a749454709
040 _cAL
041 _aeng
082 _a658.1511 STEB
100 _aSTEFFAN (Belinde).
_981098
245 _aEssential management accounting: how to maximise profit and boost financial performance.
260 _aLondon
_bKogan Page Ltd
_c2008
300 _av,218
_bPB
365 _b295
_cINR
906 _aaccounting: ; boost ; Essential ; financial ; how ; management ; maximise ; performance. ; profit
942 _2ddc
_cBK
999 _c157738
_d157738